000 00851cam a2200229 4500
001 ##B597
008 090401t1986 xxu||||| |||| 00| 0 eng d
035 _a(Sirsi) u36736
041 0 _aeng
050 0 4 _a696.9
110 2 _aBuilding Maintenance Cost Information Service
_91702
245 0 0 _aEnergy efficiency in offices
_bopportunites and options
_ban Energy Efficiency Office seminar,Aberdeen, 18 March 1986
260 _aKingston upon Thames
_bBMCIS
_c1986
300 _a24p.
_bill.
_c30cm.
350 _a0
490 0 _aBMCIS Occasional Papers
_v152
520 _aThis item is part of a subscription service no part of it can be read out over the phone. Please contact BMI direct on +44 (0)20 222 7000 for details.
651 4 _aUnited Kingdom
_y
690 _aBUILT ENVIRONMENT-SUSTAINABLE CONSTRUCTION
942 _n0
948 _c04/03/1997
999 _c90374
_d90374